000 00411 a2200157 4500
005 20250626084521.0
020 _a0-13-120245-6
082 _a808.0666 BLI
100 _aBLICA, R.
245 _aTechnically-Write
250 _a6th Ed.
260 _aToronto
_bPearson Education Canada Inc.
_c2004
300 _axix; 410Pages; Glossary.
_bIllustration and Tables
_c24cm
700 _aMORETTO, L.
942 _2ddc
_cBKS
999 _c5250
_d5250